Elementi di diritti patrimoniale canonico
Gorde:
| Egile nagusia: | |
|---|---|
| Formatua: | Liburua |
| Hizkuntza: | italiera |
| Argitaratua: |
Milán
Giuffré
1997
|
| Saila: | Pontificio Ateneo Della Santa Croce
|
| Gaiak: | |
| Etiketak: |
Etiketa erantsi
Etiketarik gabe, Izan zaitez lehena erregistro honi etiketa jartzen!
|
MARC
| LEADER | 00000nam a2200000 a 4500 | ||
|---|---|---|---|
| 001 | UCR7281 | ||
| 003 | CL-VaPUC | ||
| 008 | 980514e19970000IT |||||||||||||||||ita|d | ||
| 082 | 0 | 4 | |a 262.9 |b SCH |2 21 |
| 100 | 0 | |a Schouppe, Jean Pierre |e author |9 408585 | |
| 245 | 1 | 0 | |a Elementi di diritti patrimoniale canonico |
| 300 | |a 214 p | ||
| 942 | |c BK | ||
| 945 | |d 19980514 00:00:00 |a mvenant | ||
| 260 | |a Milán |b Giuffré |c 1997 | ||
| 650 | 7 | |a DERECHO CANONICO |2 CL-VaPUC |9 408586 | |
| 650 | 0 | |a Derecho patrimonial |9 391659 | |
| 650 | 0 | |a Iglesia Católica |9 256114 | |
| 583 | |a last modification |c 19980514 00:00:00 |k Rodrigo Vera | ||
| 490 | 0 | |a Pontificio Ateneo Della Santa Croce | |
| 999 | |c 269014 |d 269012 | ||
| 952 | |0 0 |1 0 |4 0 |6 262_900000000000000_SCH_1997 |7 0 |8 A |9 302599 |a BIBDER |b BIBDER |d 2019-11-20 |i 3424987 |o 262.9 SCH 1997 |p 3424987 |r 2023-01-25 |w 2019-11-20 |y BK |k DER | ||